000 00301nam a22001337a 4500
008 171023b xxu||||| |||| 00| 0 eng d
020 _a9780131824768
041 _aeng
080 _23RD
_a338
100 _a54
101 _aMEN
245 _aSTRATEGIC COMPENSATION
_cMARTOCCHIO,J.J
942 _2udc
_cBK
999 _c35385
_d35385